How did they die - Statistics

General Stats
  • This quiz has been taken 74 times
  • The average score is 9 of 13
Answer Stats
Hint Answer % Correct
JFK Bullet
100%
Kobe Bryant Helicopter Crash
88%
Adolf Hitler Suicide
82%
Ted Bundy Electric Chair
78%
Caesar Knife
78%
Michael Jackson Overdose
78%
Marie Antoinette Guillotine
76%
Freddie Mercury AIDS
73%
Jimmy Carter Cancer
63%
Emperor Qin Mercury Poisoning
59%
Socrates Poison
55%
Joseph Stalin Stroke
55%
Saddam Hussein Rope
53%
No matching quizzes found
Score Distribution
Percent of People with Each Score
Percentile by Number Answered
Your Score History
You have not taken this quiz